00400nam a22001577a 450000500170000002000180001710000190003524500300005426000470008430000110013149000360014250000130017865000180019165000160020965000170022520260114113310.0 a9780521194082 aPinkus, Allan  aTotally positive matrices aNew YorkbCambridge university pressc2010 axi+182 aCambridge tracts in mathematics aVol. 181 aMatrix theory aEigenvalues aEigenvectors